MDQL
is popping MORE tags! Check the
thread
!
Quizzes
Events
Quiz Creation
Community
Videos
Private Events
Remove Ads
Sign In
Join for FREE
Feedback
Dark Mode
Quiz Categories
Sports
Geography
Music
Movies
Television
Just For Fun
Miscellaneous
History
Literature
Language
Science
Gaming
Entertainment
Religion
Holiday
For Kids
Quiz Lab
Recent
Popular Today
Quiz Kudos Today
Editor Picks
Curator Picks
Quizzes by...
Day
Popularity
Type
Ratings
Length
Year
Community
Subscriptions
Recent Discussions
Orange Saloon
Badges
Playlists
Quests
Create
Leaderboards
Showdown
Live 5
Trivia Bingo
Activity
Puzzle Library
Sporcle Events
Private Events
Virtual Trivia
Globe League
Become a Host
Pub Owners
SporcleCon
Opinionation
Our Games
Videos
Blog
Mobile Apps
Partnerships
Remove Ads and Go Orange
Feedback
Gaming
Video Games
Board Games
Card Games
Pokémon
Mario
Nintendo
Minecraft
Console
Toys
Legend of Zelda
Gaming
Video Games
Board Games
Card Games
Pokémon
Mario
Nintendo
Minecraft
Console
Toys
Legend of Zelda
Random Quiz
Search Sporcle
×
Quiz Lab
Quiz Lab
Gaming
Console
Type in answers that appear in a list
Type in answers that appear in a list
Classic
Best Score? Go Orange.
Mega Man Games Stats
Can you name the all the Mega Man games released before 2009 (no pure re-releases)?
By
Djungelurban
8m
63 Questions
1,404 Plays
1,404 Plays
1,404 Plays
Comments
Comments
Give Quiz Kudos
Give Quiz Kudos
-
- Ratings
hide this ad
Replay
Link that replays current quiz
Next Quiz
Link to next quiz in quiz playlist
You Got
0%
They Got
Avg Score
62%
Avg Friend Score
Upgrade to see
Score Distribution
Jump to the score distribution portion of the page
Score
0/63
Timer
08:00
0
Plays Today
Year
Game
% Correct
1987
Mega Man
99.9%
1988
Mega Man 2
99%
1990
Mega Man 3
98.6%
1991
Mega Man 4
98.6%
1993
Mega Man 6
97.6%
1992
Mega Man 5
97.5%
1995
Mega Man 7
96.9%
1993
Mega Man X
96.2%
1996
Mega Man 8
95.4%
2008
Mega Man 9
93.8%
1994
Mega Man X2
93.5%
1995
Mega Man X3
93.4%
1997
Mega Man X4
92.6%
2000
Mega Man X5
92%
2001
Mega Man X6
91.7%
2003
Mega Man X7
90.8%
2004
Mega Man X8
90.1%
2001
Mega Man Battle Network
79.3%
2002
Mega Man Zero
77.7%
1997
Mega Man Legends
77.5%
2001
Mega Man Battle Network 2
76.4%
2003
Mega Man Zero 2
74.8%
2002
Mega Man Battle Network 3
74.8%
2004
Mega Man Zero 3
73.5%
2003
Mega Man Battle Network 4
73.2%
1998
Mega Man & Bass
71.9%
2004
Mega Man Battle Network 5
71.9%
2000
Mega Man Legends 2
70.9%
2005
Mega Man Zero 4
70.9%
2005
Mega Man Battle Network 6
69.7%
1994
Mega Man Soccer
69.2%
1991
Mega Man II
68.4%
Year
Game
% Correct
1994
Mega Man V
68.4%
1993
Mega Man IV
67.7%
1992
Mega Man III
67.2%
2006
Mega Man ZX
64%
1991
Mega Man in Dr. Wily's Revenge
60.1%
2006
Mega Man Star Force
58%
2006
Mega Man Powered Up
57.5%
1994
Mega Man: The Wily Wars
55.4%
2007
Mega Man Star Force 2
53.7%
2008
Mega Man Star Force 3
48.8%
1990
Mega Man PC
46.9%
2000
Mega Man Xtreme
46.5%
2007
Mega Man ZX Advent
46.4%
2004
Mega Man X: Command Mission
45.3%
2001
Mega Man Xtreme 2
45%
2005
Mega Man Maverick Hunter X
44%
1995
Mega Man: The Power Battle
43%
1996
Mega Man 2: The Power Fighters
39.3%
1992
Mega Man 3 PC
36.5%
1997
Mega Man Battle & Chase
34.6%
1999
Misadventures of Tron Bonne
33.6%
2003
Mega Man Network Transmission
33.3%
1995
Mega Man GG
26.9%
2003
Mega Man Battle Chip Challenge
21.3%
1993
Wily & Light's Rockboard: That's Paradise
19.6%
1998
Super Adventure Rockman
17.3%
1999
Mega Man & Bass: Challenger from the Future
14.6%
2004
RockMan EXE 4.5 Real Operation
12.8%
2001
Rockman Strategy
11.9%
2003
Rockman EXE WS
7.8%
2005
Rockman EXE Battle Chip Stadium
3.3%
Quiz Playlist
Details
Report
Send in Message
Add To Playlist
Classic:
Type in answers that appear in a list
Last Updated: Jan 2, 2019
Quiz Scoreboard
CHALLENGE
Sign Up to Join the Scoreboard
Show All
Scores
Hide
Comments
May contain spoilers
Recently Published
Holiday 10x10 Sorting Gallery
by lukepisani3
Holiday
15m
Two Season TV Shows II
by 123Four
Television
10m
Image Sorting: Flags VI
by Barbecue
Geography
2m
More to Explore
Quiz From the Vault
Featured Blog Post
14 Easter Pick-up Lines to Find Eggs With
hide this ad
You Might Also Like...
Tags
Console Quiz
2009
before
launch
Man
mega
pure
Released
Today's Top Quizzes in Gaming
Browse Gaming
hide this ad
Today's Top Quizzes in Console
Browse Console
Top Contributed Quizzes in Gaming
1
League of Legends Pro Players by Career/Team History
2
Genshin Impact Logic Puzzle
3
Destiny 2 exotic weapons by perk icons
4
Genshin murder mystery
5
4x4 Decades: Video Games
6
Genshin Impact Logic Puzzle Quiz
7
Ultimate Genshin Impact Logic Puzzle (up to 4.3)
8
Dead By Daylight Logic Puzzle
9
Who's on the WWE 2K24 Cover?
10
Overwatch Logic Puzzle
Explore More
Trending Topics
NBA
Disney
Anime
Harry Potter
Kpop
Crossword
Marvel
Country
Puzzle
WWE
Song
NFL
Pokémon
Soccer
The Office
hide this ad
More By:
Djungelurban
Quiz
Plays
Rating
Category
Featured
Created
The HARD Buffy trivia quiz
5,870
2.57
Television
Nov 21, 2009
Mega Man Games
1,404
3.25
Gaming
Oct 1, 2009
Super Nintendo RPGs
878
5.00
Gaming
Oct 1, 2009
Name the game developers (companies)
166
3.20
Gaming
Nov 14, 2009
Name the game developers 2
52
4.17
Gaming
Nov 25, 2009
Go to Creator's Profile
Score Distribution
Quiz Creator Spotlight
Djungelurban
Follow
Send a Message
Quizzes Created
-
Created Quiz Play Count
-
More By This Creator
Popular Quizzes Today
1
Find the US States - No Outlines Minefield
2
Colored Red Africa Blitz
3
Find the 'City' Movie
4
The Countries of the World
5
5x2 Blitz: Bands
6
Find the Countries of Europe - No Outlines Minefield
7
Find the US States
8
US States
More Gaming Quizzes
Paper Mario: Color Splash Map
Quiz Lab
Trending Quizzes
Colored Red Europe Blitz I
Colored Red Africa Blitz II
Colored Red Europe Blitz II
Even More Two Season TV Shows
Colored Red Africa Blitz III
Recently Updated
Quick Pick: 20 Twenties
pecheneg
March Madness Men's Triple Doubles
pecheneg
How Do You Spell That?
pecheneg
Godzilla Movies
pecheneg
Grab Bag: 4-10 Letters
pecheneg
2024 March Madness Bracket
pecheneg
Famous TV Couples
Peacemaker
Champions League XIs: Real Madrid
pecheneg
Largest US Cities 1790-2010
pecheneg
Rides in Walt Disney World
pecheneg
Trending Topics
Harry Potter
Disney
Anime
NBA
Marvel
Crossword
Kpop
The Office
Pokémon
WWE
Song
Puzzle
NFL
Country
Soccer
Your Account Isn't Verified!
In order to create a playlist on Sporcle, you need to verify the email address you used during registration. Go to your
Sporcle Settings
to finish the process.
Report this User
Report this user for behavior that violates our
Community Guidelines
.
Details:
Send Report
Go to the Sporcle.com Mobile Site →
Comments